| 000 -LEADER |
| fixed length control field |
00680nam a2200229Ia 4500 |
| 001 - CONTROL NUMBER |
| control field |
19376 |
| 003 - CONTROL NUMBER IDENTIFIER |
| control field |
GE_BSU |
| 008 - FIXED-LENGTH DATA ELEMENTS--GENERAL INFORMATION |
| fixed length control field |
181216s||||||||xx |||||||||||||| ||und|| |
| 040 ## - CATALOGING SOURCE |
| Transcribing agency |
GE_BSU |
| 080 ## - UNIVERSAL DECIMAL CLASSIFICATION NUMBER |
| Universal Decimal Classification number |
624.01 |
| 100 ## - MAIN ENTRY--PERSONAL NAME |
| Personal name |
Зайцев Ю.В.Промыслов,Ю.В |
| 245 ## - TITLE STATEMENT |
| Title |
Строительные конструкции |
| 245 ## - TITLE STATEMENT |
| Remainder of title |
Уче. для техникумов |
| 245 ## - TITLE STATEMENT |
| Statement of responsibility, etc. |
Ред:З.С.Шестоопалова |
| 260 ## - PUBLICATION, DISTRIBUTION, ETC. |
| Place of publication, distribution, etc. |
Москва |
| 260 ## - PUBLICATION, DISTRIBUTION, ETC. |
| Name of publisher, distributor, etc. |
Стройиздат |
| 260 ## - PUBLICATION, DISTRIBUTION, ETC. |
| Date of publication, distribution, etc. |
1985 |
| 300 ## - PHYSICAL DESCRIPTION |
| Extent |
279стр,ил,таб,22см |
| 653 ## - INDEX TERM--UNCONTROLLED |
| Uncontrolled term |
Строительные конструкции |
| 653 ## - INDEX TERM--UNCONTROLLED |
| Uncontrolled term |
ინჟინერია |
| 942 ## - ADDED ENTRY ELEMENTS (KOHA) |
| Koha item type |
წიგნი |